Solutions manual : chemistry a basic introduction

Bibliographic Details
Main Author: Miller, G Tyler
Format: Section = Libro
Language:Undetermined
Spanish
Published: California Wadsworth 1981
Edition:2a.ed.
Subjects:
LEADER 00459nam a2200181Ia 4500
008 240829s9999 xx 000 0 und d
040 |a BIBLIOTECA-RUSB/ 547 M647 
041 |a spa 
082 |a 547 M647 
100 1 |a Miller, G Tyler 
245 1 0 |a Solutions manual : chemistry a basic introduction 
250 |a 2a.ed. 
260 |a California  |b Wadsworth  |c 1981 
300 |a 263 p. :il. 
650 7 |a QUIMICA ORGANICA 
942 |c BK  |2 ddc 
991 |a TEXTO 
999 |c 2504